World music pedagogy :teaching world music in higher educaton

Bewaard in:
Bibliografische gegevens
Hoofdauteur: COPPOLA, William J. Herbert David G. Campbell, Patricia Shehan
Formaat: Boek
Taal:Engels
Gepubliceerd in: Routledge 2021
Tags: Voeg label toe
Geen labels, Wees de eerste die dit record labelt!

MARC

LEADER 00000nam a22000007a 4500
008 240528b |||||||| |||| 00| 0 eng d
020 |a 9780367231736 
100 |a COPPOLA, William J.  |a Herbert David G.  |a Campbell, Patricia Shehan 
245 |a World music pedagogy  |b :teaching world music in higher educaton  |c /William J.Coppola, David G. Herbert, Patricia Shehan Campbell  |g xx, 213p;ill 
260 |b Routledge  |c 2021  |h New York  |i 702205  |i 702206  |l MT1.C77  |m Music--Instruction and study. 
500 |a it includes index 
942 |a lcc  |c BK  |e Johnson  |f 28/05/24 
952 |0 0  |1 0  |2 lcc  |4 0  |6 MT0001 C77  |7 0  |9 5171  |a ART  |b HOL  |c LP  |d 2024-05-28  |l 0  |o MT1.C77  |p 2024-0417  |r 2024-05-28 00:00:00  |t 702205  |w 2024-05-28  |y BK 
952 |0 0  |1 0  |2 lcc  |4 0  |6 MT0001 C77  |7 0  |9 5172  |a HOL  |b HOL  |c LP  |d 2024-05-28  |l 0  |o MT1.C77  |p 2024-0418  |r 2024-05-28 00:00:00  |t 702206  |w 2024-05-28  |y BK 
999 |c 2568  |d 2568